000 00591nam a2200193Ia 4500
003 GCL
008 140319s9999 xx 000 0 ara d
040 _aGCL /
_cGCL
082 0 4 _aد
_b050
100 1 _aلطفى الخولى
245 1 0 _aحوار مع برتراند راسل وسارتر ( اقرا 310 ) /
_cلطفى الخولى
300 _a160 ص
490 _aوثائق ونصوص
_v0
650 0 4 _aالفلاسفة العرب
650 0 4 _aسارتر، جان بول
650 0 4 _aالفلاسفة الغربيون
650 0 4 _aراسل، برتراند
942 _2ddc
_cCF
999 _c27373
_d27373